000 004300000a22001690004500
003 MACL
005 20160106115314.0
008 160106b xxu||||| |||| 00| 0 eng d
040 _aMACL
_cMACL
041 _aEnglish
082 _a820/TAI
100 _aTaine, Par H
_928456
245 _aLitterature Anglaise
260 _bLibrairie Hachette Et C
_c1903
_aParis
650 _aEnglish Literature
_928457
942 _cBK
_k820/TAI
_2ddc
999 _c36829
_d36829